000 00505nam a2200181Ia 4500
003 GCL
008 140319s9999 xx 000 0 ara d
040 _aGCL /
_cGCL
082 0 4 _a810.8
_bس ا
100 1 _aالسيد تقى الدين
245 1 0 _aالادب والحضارة /
_cالسيد تقى الدين
300 _a229
490 _aكتاب
_v0
650 0 4 _aالادب العربى
650 0 4 _aالاداب الاسلامية
650 0 4 _aالادب الجاهلى
942 _2ddc
_cBK
999 _c42886
_d42886